000 00330nam a2200133Ia 4500
005 20260328104307.0
008 260328s9999||||xx |||||||||||||| ||und||
100 _aYabuka, Narelle
245 0 _aHip enteryaining bars & Restaurants /
_cNarelle Yabuka
260 _bPage one
300 _a192 p.
650 _aBARES
942 _cBK
999 _c10820
_d10820